EOS science plan : the state of science in the EOS Program /

Bibliographic Details
Other Authors: King, Michael D.
Format: Government Document Book
Language:English
Published: Greenbelt, Md. : National Aeronautics and Space Administration, [1999]
Subjects:

MARC

Tag First Indicator Second Indicator Subfields
LEADER 00000cam a2200000 a 4500
001 in00000003116
005 20151007051031.0
008 990415s1999 mduab b 001 0 eng
010 |a  99190655  
035 |a (OCoLC)ocm41355963 
035 |9 AJG1758AM 
040 |a DLC  |c DLC  |d HLS  |d UtOrBLW 
043 |a n-us--- 
049 |a TXAM 
050 0 0 |a QC861.2  |b .E57 1999 
074 |a 0830-I 
082 0 0 |a 551.51/07/02  |2 21 
086 0 |a NAS 1.83:1998-12-069-GSFC 
245 0 0 |a EOS science plan :  |b the state of science in the EOS Program /  |c editor Michael D. King ; technical editors Reynold Greenstone, William Bandeen. 
264 1 |a Greenbelt, Md. :  |b National Aeronautics and Space Administration,  |c [1999] 
300 |a 397 pages :  |b illustrations, maps (some color) ;  |c 29 cm. 
336 |a text  |b txt  |2 rdacontent 
337 |a unmediated  |b n  |2 rdamedia 
338 |a volume  |b nc  |2 rdacarrier 
500 |a "January 1999." 
500 |a Shipping List #: 99-0187-P 
500 |a Shipping List Date: 04/01/99 
504 |a Includes bibliographical references and index. 
650 0 |a Atmospheric physics. 
650 0 |a Atmospheric chemistry. 
610 2 0 |a Earth Observing System (Program) 
700 1 |a King, Michael D. 
994 |a C0  |b TXA 
948 |a cataloged  |b h  |c 2006/03/20  |e zprado  |f 12:07:58 pm 
999 |a MARS 
999 f f |s a89b45d8-dd93-3f1f-bcdc-5f15e9d74b34  |i 179da92f-7518-3807-b9fa-4b65bbf61f8f  |t 0 
952 f f |p normal  |a Texas A&M University  |b College Station  |c Sterling C. Evans Library  |d Evans: US Documents (Annex 5th floor)  |t 0  |e NAS 1.83:1998-12-069-GSFC  |h Superintendent of Documents classification  |i unmediated -- volume  |m A14824480148 
998 f f |a NAS 1.83:1998-12-069-GSFC  |t 0  |l Evans: US Documents (Annex 5th floor)